ՀՀ Գիտությունների ազգային ակադեմիայի հիմնարար գիտական գրադարան  =   Fundamental Scientific Library of NAS RA

Афганистан : (Record no. 262975)

MARC details
000 -LEADER
fixed length control field 00957nam a2200217 a 4500
001 - CONTROL NUMBER
control field 000711387
003 - CONTROL NUMBER IDENTIFIER
control field AM-YeHGA
005 - DATE AND TIME OF LATEST TRANSACTION
control field 20250617142735.0
008 - FIXED-LENGTH DATA ELEMENTS--GENERAL INFORMATION
fixed length control field 100205s1895 ||| r 000 0 rus d
040 ## - CATALOGING SOURCE
Original cataloging agency AM-YeHGA
041 0# - LANGUAGE CODE
Language code of text/sound track or separate title rus
090 ## - LOCALLY ASSIGNED LC-TYPE CALL NUMBER (OCLC); LOCAL CALL NUMBER (RLIN)
-- 264601
245 00 - TITLE STATEMENT
Title Афганистан :
Remainder of title Материалы для военно-статистического описания /
Statement of responsibility, etc. Сост. Ген. штаба кап. В.А. Орановский, обер-офицер для поруч. при Штабе Закасп. обл.
260 ## - PUBLICATION, DISTRIBUTION, ETC.
Place of publication, distribution, etc. Асхабад :
Name of publisher, distributor, etc. тип. Штаба Закаспийск. обл.,
Date of publication, distribution, etc. 1895.
300 ## - PHYSICAL DESCRIPTION
Extent 155 с. :
Other physical details [3] л. карт.
440 #0 - SERIES STATEMENT/ADDED ENTRY--TITLE
Title Материалы Штаба Закаспийской области
500 ## - GENERAL NOTE
General note Секретно
504 ## - BIBLIOGRAPHY, ETC. NOTE
Bibliography, etc. note Библиогр.: 1-4
651 #4 - SUBJECT ADDED ENTRY--GEOGRAPHIC NAME
Geographic name Афганистан
700 1# - ADDED ENTRY--PERSONAL NAME
Personal name Орановский, Владимир Алоизиевич
Dates associated with a name 1866-
Relator term сост.
Relationship com
Holdings
Withdrawn status Lost status Damaged status Not for loan Collection Home library Current library Date acquired Total checkouts Full call number Barcode Date last seen Price effective from Koha item type Public note
        General Fundamental Scientific Library Fundamental Scientific Library 29/12/2016   PII/548126 FL0142370 29/12/2016 29/12/2016 Գրքեր / Books 30 Days Loan


ՀՀ ԳԱԱ հիմնարար գիտական գրադարան
ՀՀ,Երևան 0019
Մարշալ Բաղրամյան 24/6
հեռախոս:(374-10) 52-47-50
Հետադարձ կապ

All site content, except where otherwise noted, is licensed under a
Creative Commons License